[Event "IECG TE.2002.P.01005 email"]
[Site "IECG email"]
[Date "2002.03.28"]
[Round "?"]
[White "Ottenweller, Wolfgang"]
[Black "Saldivar, Oscar"]
[Result "1-0"]
[WhiteElo "1991"]
[BlackElo "1247"]
[PlyCount "35"]
[EventDate "2002.03.28"]
[EventType "tourn (corr)"]
[EventRounds "12"]
[SourceTitle "Corr 2008"]
[Source "ChessBase"]
[SourceDate "2008.06.24"]
[SourceVersion "1"]
[SourceVersionDate "2008.06.24"]
[SourceQuality "1"]

1. e4 e5 2. Nf3 Nc6 3. Bb5 Bc5 4. c3 a6 5. Ba4 b5 6. Bb3 Nf6 7. 0-0 0-0 8. d4 exd4 9. cxd4 Bb6 10. e5 Ne8 11. Bg5 Ne7 12. Qd3 Kh8 13. Qe4 Rb8 14. Bc2 g6 15. Qh4 f6 16. exf6 Nf5 17. Bxf5 gxf5 18. f7 1-0

[Event "IECG TE.2002.P.01005 email"]
[Site "IECG email"]
[Date "2002.03.28"]
[Round "?"]
[White "Trevis, Robert R"]
[Black "Saldivar, Oscar"]
[Result "1-0"]
[WhiteElo "1375"]
[BlackElo "1247"]
[PlyCount "49"]
[EventDate "2002.03.28"]
[EventType "tourn (corr)"]
[EventRounds "12"]
[SourceTitle "Corr 2008"]
[Source "ChessBase"]
[SourceDate "2008.06.24"]
[SourceVersion "1"]
[SourceVersionDate "2008.06.24"]
[SourceQuality "1"]

1. e4 e5 2. Nf3 Nc6 3. Bb5 Bc5 4. 0-0 a6 5. Bxc6 dxc6 6. Nxe5 Qd4 7. Nf3 Bg4 8. Nxd4 Bxd1 9. Nb3 Bxc2 10. Nxc5 0-0-0 11. Na3 b6 12. Nxc2 bxc5 13. b4 cxb4 14. Nxb4 Ne7 15. Nxa6 Kd7 16. Nc5+ Ke8 17. Rb1 f6 18. Rb7 Rc8 19. d4 Kf7 20. Be3 f5 21. f3 h6 22. Bf4 Rhd8 23. Be5 Ng6 24. Bxc7 Rxc7 25. Rxc7+ 1-0

[Event "IECG CP.2001.P.00073"]
[Site "IECG email"]
[Date "2001.10.01"]
[Round "?"]
[White "Saldivar, Oscar"]
[Black "D'Alfonsi, Michael"]
[Result "1-0"]
[WhiteElo "1400"]
[BlackElo "1028"]
[PlyCount "33"]
[EventDate "2001.10.01"]
[EventType "tourn (corr)"]
[EventRounds "6"]
[SourceTitle "Corr 2008"]
[Source "ChessBase"]
[SourceDate "2008.06.24"]
[SourceVersion "1"]
[SourceVersionDate "2008.06.24"]
[SourceQuality "1"]

1. d4 d5 2. c4 e6 3. e3 c5 4. a3 Nc6 5. Nf3 Nf6 6. Nc3 cxd4 7. Nxd4 Be7 8. Be2 0-0 9. 0-0 e5 10. Nxc6 bxc6 11. cxd5 cxd5 12. Qc2 Bb7 13. Rd1 d4 14. exd4 exd4 15. Nb5 Qd5 16. f3 Ba6 17. Nc7 1-0